Fyzická práca v službách mladým nevonia, podniky volajú po cudzincoch

Nedostatok pracovných síl pre slovenský turizmus. Fyzická práca sa nenosí. Školy potreby praxe nestíhajú. Výhody a nevýhody zamestnávania cudzincov v cestovnom ruchu na Slovensku.

Saved in:
Bibliographic Details
Main Author: Horváthová, Jarmila
Format: Book Chapter
Language:Slovak
Subjects:
Tags: Add Tag
No Tags, Be the first to tag this record!

MARC

LEADER 00000naa a2200000 4500
001 0234644
005 20221104112612.3
041 0 |a slo 
044 |a SK 
245 1 0 |a Fyzická práca v službách mladým nevonia, podniky volajú po cudzincoch  |c Jarmila Horváthová 
520 |a Nedostatok pracovných síl pre slovenský turizmus. Fyzická práca sa nenosí. Školy potreby praxe nestíhajú. Výhody a nevýhody zamestnávania cudzincov v cestovnom ruchu na Slovensku. 
610 2 0 |a ruch cestovný 
610 2 0 |a zamestnanci 
610 2 0 |a mzdy 
610 2 0 |a zamestnávanie cudzincov 
610 2 0 |a Slovensko 
100 1 |a Horváthová, Jarmila